Responses for Show #7426 - Monday, December 19, 2016

Cindy Stowell game 5.

Contestants

[<< previous game]

Kristin Szuhany, a graduate student in clinical psychology from New York, New York

Jonathan Bill, a high school teacher from Gig Harbor, Washington

Cindy Stowell, a science content developer from Austin, Texas (whose 4-day cash winnings total $62,001)

[next game >>]

Jeopardy! Round responses

UNDER THE CHRISTMAS TREE
LETTER-WORD
NAMES IN AMERICAN HISTORY
DECK THE "HALL"
DOUBLE-NAME NEWSPAPERS
TONY BENNETT
(Tony Bennett: Hi. I'm Tony Bennett. My wife Susan knows all the answers when we watch, but I can't get her to be a contestant, so I'm going to go on Jeopardy! by giving you a few clues about my fabulous first 90 years.)
    $200 1
a microscope

Cindy!
    $200 6
Q-Tips

Cindy!
    $200 11
Annapolis

Jonathan
    $200 16
Hallmark

Jonathan
    $200 21
Dispatch

Jonathan
    $200 26
Lady Gaga

Cindy!
    $400 2
an Echo

Kristin
    $400 7
a U-boat

Cindy!
    $600 12
the XYZ Affair

Jonathan
    $400 17
Statuary Hall

Jonathan
    $400 22
Herald

Triple Stumper
    $400 27
The Simpsons

Kristin
    $600 3
Acme

Kristin
    $600 8
(Kristin: What is an S-curve?)

an F-hole

JonathanKristin
    $600 13
Agnew

Kristin
    $600 18
(Jonathan: Who is David Letterman?)

Arsenio Hall

JonathanKristin
    $600 23
Constitution

Jonathan
    $600 28
Johnny Carson

Jonathan
    $800 4
Birchbox

Kristin
    $800 9
(Jonathan: What is a square?)

a T-square

JonathanKristin
    $800 14
Houston

Kristin
    $800 19
the Royal Albert Hall

Jonathan
    $800 24
(Cindy: What is Times?)

Tribune

Cindy!Jonathan
    $800 29
Hank Williams Sr.

Jonathan
    $1000 5
Johnnie Walker

Kristin
    $1000 10
L-dopa

Kristin
    $1000 15
(Cindy: Who is Clay?)

Daniel Webster

Cindy!Jonathan
    $1000 20
Wolf Hall

Triple Stumper
    $1000 25
Journal

Triple Stumper
    $1000 30
(Kristin: What is "My Heart Will Go On"?)
...
(Alex: A lot of love to Tony Bennett and our thanks for doing that category for us. Tony's 90th birthday NBC special airs tomorrow night. We'll all be watching.)

"The Power of Love"

Kristin
Triple Stumper

Scores at the first commercial break (after clue 15):

Cindy! Jonathan Kristin
-$200 $1,600 $5,400

Scores at the end of the Jeopardy! Round:

Cindy! Jonathan Kristin
-$800 $5,400 $5,400

Double Jeopardy! Round responses

LANDLOCKED AFRICAN COUNTRIES
SCIENCE NEWS
A NOVEL CATEGORY
POP CULTURE
THEY SAID IT
FROM TO N TO N
(Alex: ...beginning and end of each correct response.)
    $400 2
Ethiopia

Cindy!
    $400 6
(Jonathan: What is a jellyfish?)

a sponge

JonathanKristin
    $400 18
Scarlett O'Hara

Cindy!
    $400 11
Doctor Who

Kristin
    $400 16
(Margaret) Thatcher

Kristin
    $400 24
Nickelodeon

Cindy!
    $3,200 5
Zimbabwe

Cindy!
    $800 7
echolocation

Cindy!
    $800 20
(Alex: Less than a minute now, Cindy.)

Stephen King

Triple Stumper
    $800 12
Jay-Z

Cindy!
    $800 21
black

Jonathan
    $800 25
[The end-of-round signal sounds.]

Norman

Jonathan
    $1200 1
South Sudan

Jonathan
    $1200 8
nitrogen

Jonathan
    $2,000 17
(Kristin: What is Iran?)

Afghanistan

Kristin
    $1200 13
Marcia Clark

Kristin
    $1200 22
(Kristin: Who is Mr. Miyagi?)

Yoda

Cindy!Kristin
    $1600 3
Mali

Cindy!
    $1600 9
soot

Cindy!
    $1600 19
Ove

Triple Stumper
    $1600 14
Lip Sync Battle

Kristin
    $2000 4
Burkina Faso

Cindy!
    $2000 10
black holes

Triple Stumper
    $2000 15
Comedians in Cars Getting Coffee

Triple Stumper
    $2000 23
Lord Byron

Triple Stumper

Scores at the end of the Double Jeopardy! Round:

Cindy! Jonathan Kristin
$11,600 $9,000 $6,200

[wagering suggestions for these scores]

Final Jeopardy! Round responses

WORDS WITH MULTIPLE MEANINGS
(Alex: [To Cindy] [*] chic.)
KristinWhat is extreme
$999
JonathanWhat is absolu
$3,500
Cindy!What is a radical?
$6,401
radical

Final scores:

Cindy! Jonathan Kristin
$18,001 $5,500 $5,201
5-day champion: $80,002 2nd place: $2,000 3rd place: $1,000

Game dynamics:

Coryat scores:

Cindy! Jonathan Kristin
$9,200 $8,800 $8,200
14 R
(including 1 DD),
2 W
16 R
(including 1 DD),
3 W
15 R,
4 W
(including 1 DD)

Combined Coryat: $26,200

[game clues] [game scores] [suggest correction]

Game tape date: Unknown
The J! Archive is created by fans, for fans. Scraping, republication, monetization, and malicious use prohibited; this site may use cookies and collect identifying information. See terms. The Jeopardy! game show and all elements thereof, including but not limited to copyright and trademark thereto, are the property of Jeopardy Productions, Inc. and are protected under law. This website is not affiliated with, sponsored by, or operated by Jeopardy Productions, Inc. Join the discussion at JBoard.tv.